[Event "GER-chT School WK 4"]
[Site "Playchess.com INT"]
[Date "2020.06.16"]
[Round "1.1"]
[White "Miller, Jonathan"]
[Black "Fellberg, Justus"]
[Result "1-0"]
[WhiteElo "1748"]
[BlackElo "1620"]
[PlyCount "123"]
[EventDate "2020.06.16"]
[EventType "team-swiss (blitz)"]
[EventRounds "5"]
[EventCountry "GER"]
[SourceTitle "EXT 2021"]
[Source "ChessBase"]
[SourceDate "2020.10.23"]
[SourceVersion "1"]
[SourceVersionDate "2020.10.23"]
[SourceQuality "1"]
[WhiteTeam "Eppendorf Johanneum"]
[BlackTeam "Hamburg H Schmidt Gymn"]
[WhiteTeamCountry "GER"]
[BlackTeamCountry "GER"]

1. d4 d5 2. c4 e6 3. Nc3 Nf6 4. cxd5 Nxd5 5. e4 Nxc3 6. bxc3 Be7 7. Nf3 0-0 8. Bd3 c6 9. Be3 b6 10. 0-0 Bb7 11. Qd2 c5 12. Rfd1 cxd4 13. cxd4 Na6 14. Rab1 Rc8 15. Qe2 Nb8 16. Rdc1 Qd7 17. Ne5 Qd6 18. Nc4 Qd7 19. Ne5 Qd6 20. Qb2 Bf6 21. Bf4 Qe7 22. Ng4 Rxc1+ 23. Rxc1 Bg5 24. Rc7 Nd7 25. Bxg5 Qxg5 26. Rxb7 Qxg4 27. Rxd7 Qd1+ 28. Bf1 Qa4 29. Rc7 Rd8 30. Qc2 Qe8 31. Qc6 Qxc6 32. Rxc6 Kf8 33. Rc4 Ke7 34. f3 Rd7 35. Kf2 Kf6 36. Ke3 g5 37. Rc2 Ke7 38. Bb5 Rb7 39. Rc8 Kf6 40. Bc6 Re7 41. d5 exd5 42. Bxd5 Kg6 43. Rc6+ f6 44. Kd4 Rd7 45. e5 Kg7 46. exf6+ Kf8 47. Ke5 Rd8 48. Rd6 Re8+ 49. Re6 Rd8 50. Re7 h6 51. Rg7 Ke8 52. Rg8+ Kd7 53. Rxd8+ Kxd8 54. Bf7 Kd7 55. Bg6 Kd8 56. Ke6 Kc7 57. f7 Kd8 58. f8Q+ Kc7 59. Qd6+ Kb7 60. Be4+ Kc8 61. Qc6+ Kb8 62. Qb7# 1-0